Les pokemons par couleur : gris - Statistiques

Statistiques générales
  • Ce quiz a été pris 6 fois
  • Le résultat moyen est 24 sur 123
Statistiques - réponses
Réponse % Correct
0208 Méga-Steelix
75%
0095 Onix
75%
0573 Pashmilla
75%
0208 Steelix
75%
0066 Machoc
50%
0067 Machopeur
50%
0068 Mackogneur
50%
0068 Mackogneur Gigamax
50%
0081 Magnéti
50%
0082 Magnéton
50%
0464 Rhinastoc
50%
0111 Rhinocorne
50%
0112 Rhinoféros
50%
0965 Vrombi
50%
0966 Vrombotor
50%
0227 Airmure
25%
0805 Ama-Ama
25%
0411 Bastiodon
25%
0782 Bébécaille
25%
0432 Chaffreux
25%
0431 Chaglam
25%
0600 Clic
25%
0601 Cliticlic
25%
0520 Colombeau
25%
0521 Déflaisan
25%
0410 Dinoclier
25%
0874 Dolman
25%
0783 Ecaïd
25%
0784 Ekaïser
25%
0215 FarfuretForme de Hisui
25%
0632 Fermite
25%
0200 Feuforêve
25%
0987 Flotte-Mèche
25%
0996 Frigodo
25%
0305 Galegon
25%
0304 Galekid
25%
0306 Galeking
25%
0262 Grahyèna
25%
0075 GravalanchForme d'Alola
25%
0076 GrolemForme d'Alola
25%
0646 Kyurem
25%
0646 KyuremBlanc
25%
0646 KyuremNoir
25%
0801 Magearna
25%
0462 Magnézone
25%
0802 Marshadow
25%
0508 Mastouffe
25%
0261 Medhyèna
25%
0306 Méga-Galeking
25%
0809 Melmetal
25%
0809 MelmetalGigamax
25%
0808 Meltan
25%
0999 MordudorForme Marche
25%
0351 Morphéo
25%
1017 OgerponMasque de la Pierre
25%
0992 Paume-de-Fer
25%
0519 Poichigeon
25%
0507 Ponchien
25%
0677 Psystigri
25%
0074 RacaillouForme d'Alola
25%
0223 Rémoraid
25%
1022 Roc-de-Fer
25%
0990 Roue-de-Fer
25%
0773 Silvallié
25%
0110 SmogogoForme de Galar
25%
0703 Strassie
25%
0299 Tarinor
25%
0476 Tarinorme
25%
0639 Terrakium
25%
0599 Tic
25%
0707 Trousselin
25%
0867 Tutétékri
25%
0772 Type:0
25%
0247 Ymphect
25%
0570 Zorua
25%
0570 ZoruaForme de Hisui
25%
0347 Anorith
0%
0348 Armaldo
0%
0339 Barloche
0%
0899 Cerbyllin
0%
0532 Charpenti
0%
0572 Chinchidou
0%
0979 Courrousinge
0%
0976 Délestin
0%
0943 Dogrino
0%
0232 Donphan
0%
0916 FragroinMâle
0%
0920 Gambex
0%
0915 Gourmelet
0%
0944 Gribouraigne
0%
0597 Grindur
0%
0862 Ixon
0%
0589 Lançargot
0%
0814 Lapyro
0%
0736 Larvibule
0%
0919 Lilliterelle
0%
0362 Méga-Oniglali
0%
0530 Minotaupe
0%
0313 Muciole
0%
0290 Ningale
0%
0598 Noacier
0%
0362 Oniglali
0%
0533 Ouvrifier
0%
0989 Pelage-Sablé
0%
0204 Pomdepik
0%
0666 PrismillonMotif Cyclone
0%
0211 Qwilfish
0%
0379 Registeel
0%
0369 Relicanth
0%
0529 Rototaupe
0%
0768 Sarmuraï
0%
0544 Scobolide
0%
0892 ShifoursStyle Mille Poings
0%
0892 Shifours Style Mille Poings Gigamax
0%
0892 ShifoursStyle Poing Final
0%
0892 Shifours Style Poing Final Gigamax
0%
0767 Sovkipou
0%
0361 Stalgamin
0%
0945 Tag-Tag
0%
0777 Toguedemaru
0%
0891 Wushours
0%
0571 Zoroark
0%
0571 Zoroark Forme de Hisui
0%
Aucun quiz correspondant
Distribution des résultats
% des personnes avec chaque résultat
Percentile par nombre de réponses
Votre historique - résultats
Vous n’avez pas pris ce quiz